Catálogo
 En Linea

La Colección Canónica Hispana. Concilios hispánana / (Registro nro. 40526)

Detalles MARC
000 -CABECERA
campo de control de longitud fija 01014nam a2200229 a 4500
001 - NÚMERO DE CONTROL
campo de control 000041036
005 - FECHA Y HORA DE LA ÚLTIMA TRANSACCIÓN
campo de control 20201002034553.0
008 - DATOS DE LONGITUD FIJA--INFORMACIÓN GENERAL
campo de control de longitud fija 130920s2002 sp 000 0 spa d
040 ## - FUENTE DE LA CATALOGACIÓN
Centro catalogador/agencia de origen DO-SdBNP
Lengua de catalogación spa
Centro/agencia transcriptor BNPHU
245 03 - MENCIÓN DE TÍTULO
Título La Colección Canónica Hispana. Concilios hispánana /
Mención de responsabilidad, etc. Gonzálo Martínez Díez, S.I. y Félix Rodríguez.
246 14 - FORMA VARIANTE DE TÍTULO
Título propio/Titulo breve Concilios griegos y africanos :
Resto del título tercera parte
260 ## - PUBLICACIÓN, DISTRIBUCIÓN, ETC.
Lugar de publicación, distribución, etc. Madrid :
Nombre del editor, distribuidor, etc. Consejo Superior de Investigaciones Científicas :
-- Instituto Enrique Flórez,
Fecha de publicación, distribución, etc. 2002.
300 ## - DESCRIPCIÓN FÍSICA
Extensión v. (558 p.) ;
Dimensiones 24 cm.
490 1# - MENCIÓN DE SERIE
Mención de serie Monumenta Hispaniae Sacra
-- Canónica ; 3
504 ## - NOTA DE BIBLIOGRAFÍA, ETC.
Nota de bibliografía, etc. Incluye referencias bibliográficas y notas al pie de las páginas
500 ## - NOTA GENERAL
Nota general La biblioteca posee el v. 3
505 0# - NOTA DE CONTENIDO CON FORMATO
Nota de contenido con formato v. 3
Título Concilios griegos y africanos
700 1# - PUNTO DE ACCESO ADICIONAL--NOMBRE DE PERSONA
Nombre de persona Martínez Díez, Gonzalo
Fechas asociadas al nombre 1924-
Término indicativo de función/relación ed.
9 (RLIN) 67525
700 1# - PUNTO DE ACCESO ADICIONAL--NOMBRE DE PERSONA
Nombre de persona aRodríguez, Félix
Término indicativo de función/relación ed.
9 (RLIN) 67526
710 2# - PUNTO DE ACCESO ADICIONAL--NOMBRE DE ENTIDAD CORPORATIVA
Nombre de entidad corporativa o nombre de jurisdicción como elemento de entrada Consejo Superior de Investigaciones Científicas
9 (RLIN) 4786
830 #0 - PUNTO DE ACCESO ADICIONAL DE SERIE-TÍTULO UNIFORME
Título uniforme Monumenta Hispaniae Sacra
Nombre de parte o sección de la obra Canónica ;
Número de parte o sección de la obra 3
9 (RLIN) 67527
Existencias
Estado de retiro Estado de pérdida Restricciones de uso No para préstamo Código de colección Localización permanente Ubicación/localización actual Ubicación en estantería Fecha de adquisición Número de inventario Total de préstamos Signatura topográfica completa Código de barras Fecha visto por última vez Precio válido a partir de Tipo de ítem Koha
      Excluido de préstamo Monografías: Libros y Folletos General General En catalogación 13.09.2013 LF1   41036-10 25.06.2020 25.06.2020 No se presta

Con tecnología Koha